000 00466nam a2200157 4500
999 _c508851
_d508851
008 190412b ||||| |||| 00| 0 eng d
100 _aReilly, Patrick
_94366
245 _aNo laughter among thieves: authenticity of community norms in stand-up comedy
260 _c2018
300 _ap.933-958.
650 _aEthnography
_91149
650 _aIntellectual property
_94367
773 _aAmerican Sociological Review
906 _aSocial norms
942 _2ddc
_cAR